000 01442nam0a2200373 4500
001 RU\NLR\BIBL_A\012467172
005 20210330174915.0
010 _a978-5-89059-390-0
021 _aRU
_bКН-П-20-068128
_9КН-П-20-5123
035 _a(NLR Aleph) 012467172
035 _a(RuMoRGB)010463439
090 _a12057060
_c12057060
100 _a20210304d2020 u y0rusy50 ca
101 0 _arus
102 _aRU
105 _aach|z|||000zy
181 0 _ai
_baxxe
182 0 _an
200 1 _aЭпизоды
_eвоспоминания. Встречи. Статьи об искусстве
_fВладимир Перц
203 _aТекст
_bвизуальный
_cнепосредственный
210 _aСанкт-Петербург
_cИзд-во Ивана Лимбаха
_d2020
215 _a502, [1] с.
_cил., портр., факс.
_d22
320 _aБиблиогр. в примеч. в конце ст.
333 _a16+
600 1 _aПерц
_bВ. Г.
_gВладимир Генрихович
_f1946
_2nlr_sh2
_3RU\NLR\AUTH\6601684877
606 1 _aИзобразительное искусство
_2nlr_sh1
_2nlr_sh2
_3RU\NLR\AUTH\661253401
686 1 _aЩ10г(2Р)7дПерц
686 1 _aЩ10я44
700 1 _aПерц
_bВ. Г.
_f1946-
_gВладимир Генрихович
942 _cBOOK
980 _aNBR
980 _aNB